000 01615cam a2200385 i 4500
999 _c126761
_d126761
001 2280206
003 ARRUPE
005 20170825114934.0
008 800327s1980 nyua 001 0 eng
010 _a 79006541
020 _a038515271X :
_c$14.95
020 _a0385152728 (pbk.) :
_c$6.95
040 _aDLC
_cDLC
_dDLC
043 _an-us-ga
_an-usu--
050 0 0 _aF291.2
_b.F624
082 0 0 _a975
245 0 0 _aFoxfire 6 :
_bshoemaking, gourd banjos, and songbows, one hundred toys and games, wooden locks, a water powered sawmill, and other affairs of just plain living /
_cedited, with an introd. by Eliot Wigginton.
250 _a1st ed.
260 _aGarden City, N.Y. :
_bAnchor Press/Doubleday,
_c1980.
300 _a507 p. :
_bill. ;
_c25 cm.
500 _aIncludes "Cumulative index for Foxfire 4, Foxfire 5 and Foxfire 6."
650 0 _aCountry life
_zGeorgia.
_zRabun Gap
_935183
650 0 _aHandicraft
_zGeorgia.
_935191
650 0 _aCountry life
_zAppalachian Region, Southern.
_zRabun Gap
_935192
651 0 _aRabun Gap, Gap (USA)
_935193
700 1 _aWigginton, Eliot.
_935189
730 _aFoxfire.
_935187
906 _a7
_bcbc
_corignew
_d1
_eocip
_f19
_gy-gencatlg
942 _2lcc
_cMONOGRAPH